Online
Catalog

Letras : (Record no. 5443)

MARC details
000 -CABECERA
campo de control de longitud fija 01035cam a2200289 a 4500
001 - NÚMERO DE CONTROL
campo de control 000005644
003 - IDENTIFICADOR DEL NÚMERO DE CONTROL
campo de control DO-SdBNP
005 - FECHA Y HORA DE LA ÚLTIMA TRANSACCIÓN
campo de control 20210928094029.0
007 - CAMPO FIJO DE DESCRIPCIÓN FÍSICA--INFORMACIÓN GENERAL
campo de control de longitud fija ta
008 - DATOS DE LONGITUD FIJA--INFORMACIÓN GENERAL
campo de control de longitud fija 761110s 1949 sp 001 0 spa
040 ## - FUENTE DE LA CATALOGACIÓN
Centro catalogador/agencia de origen DO-SdBNP
Lengua de catalogación spa
Centro/agencia transcriptor BNPHU
082 #4 - NÚMERO DE LA CLASIFICACIÓN DECIMAL DEWEY
Número de clasificación BNPHU 866.2
Número de documento/Ítem P981L
100 1# - ENTRADA PRINCIPAL--NOMBRE DE PERSONA
Nombre de persona Pulgar, Fernando del,
Fechas asociadas al nombre 1436-1492.
9 (RLIN) 15959
245 10 - MENCIÓN DE TÍTULO
Título Letras :
Resto del título glosa a las Coplas de Mingo Revulgo /
Mención de responsabilidad, etc. Fernando del Pulgar ; edición y notas de J. Domínguez Bordona.
260 ## - PUBLICACIÓN, DISTRIBUCIÓN, ETC.
Lugar de publicación, distribución, etc. Madrid :
Nombre del editor, distribuidor, etc. Espasa Calpe,
Fecha de publicación, distribución, etc. 1949.
300 ## - DESCRIPCIÓN FÍSICA
Extensión v. ;
Dimensiones 19 cm.
490 1# - MENCIÓN DE SERIE
Mención de serie Clásicos castellanos
Designación de volumen o secuencia 99
500 ## - NOTA GENERAL
Nota general La biblioteca posee el volumen 2.
600 14 - PUNTO DE ACCESO ADICIONAL DE MATERIA--NOMBRE DE PERSONA
Nombre de persona Pulgar, Fernando Del,
Fechas asociadas al nombre 1430?-1493?
Subdivisión de forma Correspondencia, memorias, etc.
9 (RLIN) 15960
650 14 - PUNTO DE ACCESO ADICIONAL DE MATERIA--TÉRMINO DE MATERIA
Término de materia o nombre geográfico como elemento de entrada Cartas españolas
Subdivisión cronológica Siglo XV
9 (RLIN) 15961
650 14 - PUNTO DE ACCESO ADICIONAL DE MATERIA--TÉRMINO DE MATERIA
Término de materia o nombre geográfico como elemento de entrada Canciones folclóricas españolas
9 (RLIN) 15962
650 14 - PUNTO DE ACCESO ADICIONAL DE MATERIA--TÉRMINO DE MATERIA
Término de materia o nombre geográfico como elemento de entrada Literatura española
Subdivisión cronológica Siglo XV
9 (RLIN) 15963
700 1# - PUNTO DE ACCESO ADICIONAL--NOMBRE DE PERSONA
Nombre de persona Revulgo, Mingo
9 (RLIN) 15964
700 1# - PUNTO DE ACCESO ADICIONAL--NOMBRE DE PERSONA
Nombre de persona Domínguez Bordona, J.,
Término indicativo de función/relación ed.
9 (RLIN) 15854
830 #0 - PUNTO DE ACCESO ADICIONAL DE SERIE-TÍTULO UNIFORME
Título uniforme Clásicos castellanos ;
Designación de volumen o secuencia 99.
9 (RLIN) 4180
942 ## - ELEMENTOS DE PUNTO DE ACCESO ADICIONAL (KOHA)
Fuente del sistema de clasificación o colocación Dewey Decimal Classification
Tipo de ítem Koha Libro
Holdings
Estado de retiro Estado de pérdida Fuente del sistema de clasificación o colocación No para préstamo Código de colección Localización permanente Ubicación/localización actual Ubicación en estantería Fecha de adquisición Número de inventario Total de préstamos Signatura topográfica completa Código de barras Fecha visto por última vez Precio válido a partir de Tipo de ítem Koha
    Dewey Decimal Classification Excluido de préstamo Monografías: Libros y Folletos Biblioteca Nacional Pedro Henríquez Ureña Patrimonio Dominicano Depósito 20.08.2009 LF1   BNPHU PD 866.2 P981L 5644-10 25.06.2020 25.06.2020 Préstamo en sala

Powered by Koha